00434nam a2200157Ia 45000010006000000050017000060080041000230410008000640820016000721000030000882450126001182600009002443000007002536500008002606540008002681783020260306171546.0260306s9999||||xx |||||||||||||| ||und|| aESP a658.3bA43C aAlles, Martha AliciaeAUT 0aConstruyendo talento:bprogramas de desarrollo para el crecimiento de las personas y la continuidad de las organizaciones c2009 ac aGEN aCAN